| 000 | 01193nam a2200349 i 4500 | ||
|---|---|---|---|
| 001 | 14163 | ||
| 003 | KOSZ 005 | ||
| 005 | 20230227140907.0 | ||
| 008 | 070731s1971 pl a f 001 0 pol | ||
| 015 | _aPB 1972/1538 | ||
| 040 |
_aWA N _cWA N _dKOSZ 005/KK _dKOSZ 005/HR |
||
| 046 | _k1971 | ||
| 080 | _a621.317 | ||
| 080 | _a620.1 | ||
| 100 | 1 |
_aStyburski, Wiktor _eAutor |
|
| 245 | 1 | 0 |
_aPrzetworniki tensometryczne : _bkonstrukcja, projektowanie, użytkowanie / _cWiktor Styburski. |
| 260 |
_aWarszawa : _bWydawnictwa Naukowo-Techniczne, _c1971. |
||
| 300 |
_a365, [2] stron : _bilustracje ; _c24 cm. |
||
| 336 |
_aTekst _btxt _2rdacontent |
||
| 337 |
_aBez urządzenia pośredniczącego _bn _2rdacontent |
||
| 338 |
_aWolumin _bnc _2rdacarrier |
||
| 380 | _aKsiążki. | ||
| 388 | _a1901-2000 | ||
| 388 | _a1945-1989 | ||
| 504 | _aBibliografia na stronach 361-[364]. Indeks. | ||
| 650 | 4 | _aTensometr | |
| 658 | _aInżynieria i technika | ||
| 650 | 4 | _aPrzetworniki | |
| 710 | 2 |
_aWydawnictwa Naukowo-Techniczne _4pbl. |
|
| 856 |
_uhttp://koha.tu.koszalin.pl/cgi-bin/koha/opac-detail.pl?biblionumber=14163 _yKatalog online BPK |
||
| 942 |
_2UKD _cKS |
||
| 999 |
_c14163 _d14163 |
||